000
00313nam a22001217a 4500
999
_c
3046
_d
3046
005
20200929101146.0
008
200929b ||||| |||| 00| 0 eng d
020
_a
0333412788
040
_c
CML
245
_a
Chaff on the Wind.
_c
Dibba, E.
260
_a
London
_b
Macmillan
_c
1986
942
_2
ddc
_c
BK
_e
1st Edition
_k
F
_m
DIB